000 00581nam a2200229Ia 4500
003 OSt
005 20220924142743.0
006 a|||||r|||| 00| 0
007 ta
008 220923b |||||||| |||| 00| 0 ben d
024 _a303185
037 _cTextual
040 _aARTS
_cARTS
_bben
041 _2ben
_aben
082 _aO158,3N19,8, N7
100 _aMalik C. A.
_9214008
245 0 _aSarilat ekura jui
260 _c1997
650 _aASSAMESE LITERATURE
_911738
942 _hO158,3N19,8, N7
_cTEXL
_2CC
999 _c451848
_d451848